<?xml version="1.0" encoding="UTF-8"?>
<record
    xmlns:xsi="http://www.w3.org/2001/XMLSchema-instance"
    xsi:schemaLocation="http://www.loc.gov/MARC21/slim http://www.loc.gov/standards/marcxml/schema/MARC21slim.xsd"
    xmlns="http://www.loc.gov/MARC21/slim">

  <leader>00782cam a22002294a 4500</leader>
  <datafield tag="020" ind1=" " ind2=" ">
    <subfield code="a">0132281414</subfield>
  </datafield>
  <datafield tag="020" ind1=" " ind2=" ">
    <subfield code="a">9780132281416</subfield>
  </datafield>
  <datafield tag="082" ind1="0" ind2="0">
    <subfield code="a">624.18341</subfield>
    <subfield code="b">MAC</subfield>
    <subfield code="c">M-38,L-118</subfield>
  </datafield>
  <datafield tag="100" ind1="1" ind2=" ">
    <subfield code="a">MacGregor, James G.</subfield>
  </datafield>
  <datafield tag="245" ind1="1" ind2="0">
    <subfield code="a">Reinforced concrete :</subfield>
    <subfield code="b">mechanics and design </subfield>
    <subfield code="c">James G. MacGregor, James K. Wight.</subfield>
  </datafield>
  <datafield tag="250" ind1=" " ind2=" ">
    <subfield code="a">5th ed.</subfield>
  </datafield>
  <datafield tag="260" ind1=" " ind2=" ">
    <subfield code="a">Upper Saddle River, N.J. :</subfield>
    <subfield code="b">Prentice Hall,</subfield>
    <subfield code="c">c2009.</subfield>
  </datafield>
  <datafield tag="300" ind1=" " ind2=" ">
    <subfield code="a">xvi, 1112 p. :</subfield>
    <subfield code="b">ill. ;</subfield>
    <subfield code="c">26 cm.</subfield>
  </datafield>
  <datafield tag="526" ind1=" " ind2=" ">
    <subfield code="a">0</subfield>
    <subfield code="b">0</subfield>
    <subfield code="c">0</subfield>
    <subfield code="d">624_183410000000000_MAC</subfield>
  </datafield>
  <datafield tag="526" ind1=" " ind2=" ">
    <subfield code="a">0</subfield>
    <subfield code="b">0</subfield>
    <subfield code="c">0</subfield>
    <subfield code="d">624_183410000000000_MAC</subfield>
  </datafield>
  <datafield tag="526" ind1=" " ind2=" ">
    <subfield code="a">0</subfield>
    <subfield code="b">0</subfield>
    <subfield code="c">0</subfield>
    <subfield code="d">624_183410000000000_MAC</subfield>
  </datafield>
  <datafield tag="526" ind1=" " ind2=" ">
    <subfield code="a">0</subfield>
    <subfield code="b">0</subfield>
    <subfield code="c">0</subfield>
    <subfield code="d">624_183410000000000_MAC</subfield>
  </datafield>
  <datafield tag="650" ind1=" " ind2="0">
    <subfield code="a">Reinforced concrete construction.</subfield>
  </datafield>
  <datafield tag="650" ind1=" " ind2="0">
    <subfield code="a">Reinforced concrete.</subfield>
    <subfield code="9">40928</subfield>
  </datafield>
  <datafield tag="700" ind1="1" ind2=" ">
    <subfield code="a">Wight, James K.</subfield>
    <subfield code="9">18384</subfield>
  </datafield>
  <datafield tag="942" ind1=" " ind2=" ">
    <subfield code="2">ddc</subfield>
    <subfield code="c">BK</subfield>
  </datafield>
  <datafield tag="999" ind1=" " ind2=" ">
    <subfield code="c">548003</subfield>
    <subfield code="d">548003</subfield>
  </datafield>
  <datafield tag="952" ind1=" " ind2=" ">
    <subfield code="0">0</subfield>
    <subfield code="1">0</subfield>
    <subfield code="2">ddc</subfield>
    <subfield code="4">0</subfield>
    <subfield code="7">0</subfield>
    <subfield code="a">MCE</subfield>
    <subfield code="b">MCE</subfield>
    <subfield code="d">2014-08-19</subfield>
    <subfield code="l">9</subfield>
    <subfield code="m">5</subfield>
    <subfield code="o">624.18341 MAC</subfield>
    <subfield code="p">MCE-50102</subfield>
    <subfield code="r">2021-01-07</subfield>
    <subfield code="s">2021-01-07</subfield>
    <subfield code="w">2014-08-19</subfield>
    <subfield code="y">BK</subfield>
  </datafield>
  <datafield tag="952" ind1=" " ind2=" ">
    <subfield code="0">0</subfield>
    <subfield code="1">0</subfield>
    <subfield code="2">ddc</subfield>
    <subfield code="4">0</subfield>
    <subfield code="7">0</subfield>
    <subfield code="a">MCE</subfield>
    <subfield code="b">MCE</subfield>
    <subfield code="d">2015-08-11</subfield>
    <subfield code="l">8</subfield>
    <subfield code="m">5</subfield>
    <subfield code="o">624.18341 MAC</subfield>
    <subfield code="p">MCE-50133</subfield>
    <subfield code="r">2020-11-04</subfield>
    <subfield code="s">2020-11-04</subfield>
    <subfield code="w">2015-08-11</subfield>
    <subfield code="y">BK</subfield>
  </datafield>
  <datafield tag="952" ind1=" " ind2=" ">
    <subfield code="0">0</subfield>
    <subfield code="1">0</subfield>
    <subfield code="2">ddc</subfield>
    <subfield code="4">0</subfield>
    <subfield code="7">0</subfield>
    <subfield code="a">MCE</subfield>
    <subfield code="b">MCE</subfield>
    <subfield code="d">2015-08-11</subfield>
    <subfield code="l">12</subfield>
    <subfield code="m">6</subfield>
    <subfield code="o">624.18341 MAC</subfield>
    <subfield code="p">MCE-50134</subfield>
    <subfield code="r">2020-12-28</subfield>
    <subfield code="s">2020-12-28</subfield>
    <subfield code="w">2015-08-11</subfield>
    <subfield code="y">BK</subfield>
  </datafield>
  <datafield tag="952" ind1=" " ind2=" ">
    <subfield code="0">0</subfield>
    <subfield code="1">0</subfield>
    <subfield code="2">ddc</subfield>
    <subfield code="4">0</subfield>
    <subfield code="7">0</subfield>
    <subfield code="a">MCE</subfield>
    <subfield code="b">MCE</subfield>
    <subfield code="d">2017-04-14</subfield>
    <subfield code="l">13</subfield>
    <subfield code="m">3</subfield>
    <subfield code="o">624.18341 MAC</subfield>
    <subfield code="p">MCE-50518</subfield>
    <subfield code="r">2020-11-12</subfield>
    <subfield code="s">2020-11-12</subfield>
    <subfield code="w">2017-04-14</subfield>
    <subfield code="y">BK</subfield>
  </datafield>
</record>
